000 01827nam0a2200349 4500
001 RU\NLR\bibl\542452
005 20260406155124.0
010 _a5-7996-0185-8
_9250
021 _aRU
_b2004-16330
_9843
035 _a(NLR Aleph) 000534684
090 _a1375150
_c1375150
100 _a20040730d2004 |||y0rusy50 ca
101 0 _arus
_aeng
102 _aRU
105 _ay |||||||||
200 1 _aАлгоритмический анализ неустойчивых задач
_eТез. докл. Всерос. конф. Екатеринбург, 2-6 февр. 2004 г.
_f[Редкол.: В.В. Васин (отв. ред.) и др.]
210 _aЕкатеринбург
_cИзд-во Урал. ун-та
_d2004
215 _a383 с.
_d21
300 _aВ надзаг.: Ин-т математики и механики УрО РАН, Урал. гос. ун-т им. А.М. Горького
300 _aТекст докл. на рус. и англ. яз.
320 _aБиблиогр. в конце докл.
606 0 _aМатематика
_jТезисы докладов
_xЗадачи некорректные
_91578898
_3RU\NLR\auth\66692682
606 0 _aМатематика
_jТезисы докладов
_xНекорректные задачи
_92239587
_3RU\NLR\auth\661343926
606 0 _aМатематика
_jТезисы докладов
_xОбратные задачи
_92239585
_3RU\NLR\auth\661343925
686 _aВ1я431(2)
702 1 _aВасин
_bВ. В.
_gВладимир Васильевич
_4340
712 0 2 _4570
_aИнститут математики и механики им. Н. Н. Красовского
_cЕкатеринбург
_3RU\NLR\AUTH\889930441
_9356444
801 0 _aRU
_bNLR
_c20040730
_gPSBO
801 1 _aRU
_bNLR
_c20040730
942 _cBOOK
980 _aNB